|
|
|
|
| LEADER |
00000cam a22000004a 4500 |
| 001 |
musev2_35965 |
| 003 |
MdBmJHUP |
| 005 |
20230905043801.0 |
| 006 |
m o d |
| 007 |
cr||||||||nn|n |
| 008 |
141122s2015 alu o 00 0 eng d |
| 020 |
|
|
|a 9780817389079
|
| 020 |
|
|
|z 9780817305871
|
| 035 |
|
|
|a (OCoLC)45731033
|
| 040 |
|
|
|a MdBmJHUP
|c MdBmJHUP
|
| 100 |
1 |
|
|a Terry, Paul W.
|
| 245 |
1 |
0 |
|a They Live on The Land :
|b Life in an Open Country Southern Community
|
| 264 |
|
1 |
|a Tuscaloosa :
|b University of Alabama Press,
|c 2015.
|
| 264 |
|
3 |
|a Baltimore, Md. :
|b Project MUSE,
|c 2016
|
| 264 |
|
4 |
|c ©2015.
|
| 300 |
|
|
|a 1 online resource (383 pages).
|
| 336 |
|
|
|a text
|b txt
|2 rdacontent
|
| 337 |
|
|
|a computer
|b c
|2 rdamedia
|
| 338 |
|
|
|a online resource
|b cr
|2 rdacarrier
|
| 490 |
0 |
|
|a Library Alabama Classics
|
| 505 |
0 |
|
|a Introduction by Clarence l. Mohr; Photographic Section; Contents to the 1940 Edition; Preface to the 1940 Edition; 1. Origins of the Community; 2. The People; 3. Economic Life of the Community; 4. Civic Life; 5. Health and Medical Services; 6. The Homes; 7. The Churches; 8. The Schools; 9. How the People Spent Their Time; 10. What the People Thought; 11. Leadership of the Community.
|
| 520 |
|
|
|a ""First published in 1940 as part of the information-gathering effort of the TVA, the work examines Gorgas, Alabama, a predominantly white farming settlement. Hailed as the most intensive case study ever made in the South, the book provides a detailed portrait of southern rural life on the verge of extinction.""--Florida Historical Quarterly ""One of the finest examples of the genre of the community survey. . . The book is remarkably free of special pleading. And every chapter is paced with fascinating data and insights. The University of Alabama Prss is to be congratulated for reissuing t.
|
| 588 |
|
|
|a Description based on print version record.
|
| 650 |
|
7 |
|a Sociology, Rural.
|2 fast
|0 (OCoLC)fst01123947
|
| 650 |
|
7 |
|a Social surveys.
|2 fast
|0 (OCoLC)fst01123390
|
| 650 |
|
7 |
|a Rural conditions.
|2 fast
|0 (OCoLC)fst01101474
|
| 650 |
|
7 |
|a Country life.
|2 fast
|0 (OCoLC)fst00881405
|
| 650 |
|
7 |
|a rural sociology.
|2 aat
|
| 650 |
|
6 |
|a Enquêtes sociales
|z États-Unis (Sud)
|
| 650 |
|
6 |
|a Sociologie rurale.
|
| 650 |
|
0 |
|a Social surveys
|z Southern States.
|
| 650 |
|
0 |
|a Country life
|z Southern States.
|
| 650 |
|
0 |
|a Sociology, Rural.
|
| 651 |
|
7 |
|a Southern States.
|2 fast
|0 (OCoLC)fst01244550
|
| 651 |
|
6 |
|a États-Unis (Sud)
|x Conditions rurales.
|
| 651 |
|
0 |
|a Southern States
|x Rural conditions.
|
| 655 |
|
7 |
|a Electronic books.
|2 local
|
| 700 |
1 |
|
|a Sims, Verner M.
|
| 710 |
2 |
|
|a Project Muse.
|e distributor
|
| 830 |
|
0 |
|a Book collections on Project MUSE.
|
| 856 |
4 |
0 |
|z Texto completo
|u https://projectmuse.uam.elogim.com/book/35965/
|
| 945 |
|
|
|a Project MUSE - Custom Collection
|
| 945 |
|
|
|a Project MUSE - Archive Complete Supplement IV
|
| 945 |
|
|
|a Project MUSE - Archive US Regional Studies, South Supplement IV
|